European Geography Knowledge A-Z - Statistics

General Stats
  • This quiz has been taken 127 times
  • The average score is 17 of 26
Answer Stats
Letter Hint Answer % Correct
A City known as the "Birthplace of Democracy" Athens
94%
O City with the oldest university in England Oxford
89%
F Financial capital of Germany Frankfurt
87%
B Name a captal city on the Danube River Belgrade | Bratislava | Budapest
86%
L Capital city of Portugal Lisbon
86%
N Northernmost Nordic country Norway
84%
I City situated in both Europe and Asia Istanbul
83%
Z Biggest city in Switzerland Zurich
82%
C Disputed peninsula in the Black Sea Crimea
77%
S City formerly known as Leningrad St. Petersburg
77%
P Mountain range between France and Spain Pyrenees
75%
Y City in northern England York
73%
D Closest British city to mainland Europe Dover
69%
V Longest river in Europe Volga
68%
M Famous mountain in Switzerland Matterhorn
66%
J One of the UK's Channel Islands Jersey
64%
R Urban area containing cities such as Cologne and Dusseldorf Ruhr
61%
G City formerly known as Danzig Gdansk
60%
K Russian exclave between Poland and Lithuania Kaliningrad
60%
H Croatia in its native language Hrvatska
42%
W French speaking region of Belgium Wallonia
41%
T Sea between mainland Italy and its islands Tyrrhenian Sea
37%
E Longest river in Spain Ebro
35%
U Three letter Russian city Ufa
31%
Q One of the westernmost cities in mainland France Quimper
24%
X One of the most populous cities in Eastern Greece Xanthi
20%
No matching quizzes found
Score Distribution
Percent of People with Each Score
Percentile by Number Answered
Your Score History
You have not taken this quiz